Score 0/30 Timer 04:00
1 Play Today
Question Answer Wrong Answers
Sushi Japanese
92.8%
Chinese
2.1%
Korean
0.6%
Kimono Japanese
90.1%
Chinese
3.5%
Korean
2.1%
Origami Japanese
90.1%
Chinese
4.5%
Korean
1%
Wasabi Japanese
89.4%
Chinese
4.3%
Korean
1.9%
Haiku Japanese
88.2%
Chinese
4.9%
Korean
2.4%
Ninja Japanese
87.3%
Chinese
7.1%
Korean
1.1%
Manga Japanese
85.2%
Chinese
5.6%
Korean
4.6%
Bibimbap Korean
84.4%
Chinese
7.4%
Japanese
3.7%
Bonsai Japanese
83.3%
Chinese
8.9%
Korean
3.3%
Wonton Chinese
81.8%
Japanese
7.8%
Korean
6%
Karaoke Japanese
81.3%
Chinese
4.6%
Korean
9.7%
Bulgogi Korean
80.3%
Chinese
8%
Japanese
7.1%
Mahjong Chinese
80.1%
Japanese
8.5%
Korean
7%
Kimchi Korean
77.6%
Chinese
5.5%
Japanese
12.5%
Dojo Japanese
76.6%
Chinese
10.1%
Korean
8.9%
Wok Chinese
75%
Japanese
11.3%
Korean
9.3%
Hanbok Korean
74.7%
Chinese
14.7%
Japanese
6.1%
Hangul Korean
74.4%
Chinese
16.5%
Japanese
4.5%
Mukbang Korean
74.4%
Chinese
15.9%
Japanese
5.2%
Pinyin Chinese
71.4%
Japanese
7.2%
Korean
16.9%
Lychee Chinese
64.8%
Japanese
14.7%
Korean
16.1%
Wushu Chinese
61.1%
Japanese
27.1%
Korean
7.4%
Taekwondo Korean
60.2%
Chinese
10%
Japanese
25.5%
Kowtow Chinese
59.7%
Japanese
15.7%
Korean
20.1%
Kumquat Chinese
58.1%
Japanese
11.8%
Korean
25.4%
Ginseng Chinese
56.6%
Japanese
23.8%
Korean
15.1%
Gung-ho Chinese
55.1%
Japanese
11.5%
Korean
28.9%
Soju Korean
53.5%
Chinese
8.9%
Japanese
33.2%
Hantavirus Korean
42.6%
Chinese
30.6%
Japanese
22.1%
Hapkido Korean
33.6%
Chinese
7.8%
Japanese
54.1%

You're not logged in!

Compare scores with friends on all Sporcle quizzes.
OR
Log In

Sporcle TV

Today on Sporcle TV


Watch our educational content, quiz creation guides, and fun videos on Sporcle TV.

Show Comments

Extras

Top Quizzes Today


Score Distribution

Paid Content

Your Account Isn't Verified!

In order to create a playlist on Sporcle, you need to verify the email address you used during registration. Go to your Sporcle Settings to finish the process.

Report this User

Report this user for behavior that violates our Community Guidelines.

Details: